GUIA PRACTICA DE GIMNASIA CEREBRAL /

INCLUYE BIBLIOGRAFIA

Salvato in:
Dettagli Bibliografici
Autore principale: Amador, Alberto (autor)
Natura: Libro
Soggetti:
Tags: Aggiungi Tag
Nessun Tag, puoi essere il primo ad aggiungerne!!

MARC

LEADER 00000nam^a2200000^a^4500
001 000247185
005 20250521000000.0
009 20260310105605.878
020 |a 968-11-0481-1 
035 |a 070870 
037 |a Acervo Xavier Clavigero 
082 |a 158.  |b AMA 
100 |a Amador, Alberto  |e (autor) 
245 1 0 |a GUIA PRACTICA DE GIMNASIA CEREBRAL /  |c ALBERTO AMADOR 
264 |a MEXICO :  |b PLAZA AND JANES,  |c 2001 
300 |a 156 p. 
336 |a texto  |b txt  |2 rdacontenido 
337 |a sin mediación  |b n  |2 rdamedio 
338 |a volumen  |b nc  |2 rdasoporte 
520 |a INCLUYE BIBLIOGRAFIA 
649 |a XX 
650
650 |a Alma y Cuerpo 
910 |a Fondo General 
920 |a Impresos - Libros 
930 |a Colección General 
905 |a 101 
901 |a 070870  |b IT1  |c ACC  |i 070870  |u 20250521 
902 |a https://opac.biblio.iteso.mx/vufind/Record/000247185